000 00915nam a22002177a 4500
999 _c16247
_d16247
003 AR-CdUCM
008 190502b ||||| |||| 00| 0 spa d
040 _aMUNICIPALIDAD PROVINCIAL DEL CUSCO
_cBIBLIOTECA MUNICIPAL DEL CUSCO
082 _a575.016 /
_bP92
100 _aPrenant, Marcel
_92355
245 _aDarwin y el Darvinismo /
260 _aMéxico :
_bGrijalbo,
_c1969.
300 _a158 paginas ;
_c19 cm.
440 _aColección 70
_nSegunda serie
_935530
505 _aContenido :La sociedad inglesa en tiempos de Darwin --La familia y la vida de Darwin --Ojeada sobre la obra de Darwin --La evolución darviniana y la selección natural --Darwin, Wallace y el origen animal del hombre - Grandeza de Darwin --Servidumbre de Darwin según el socialismo
650 _aDarvinismo
_935583
650 _aTeorías
_95192
650 _aSocialismo
_91037
942 _2ddc
_cLIBROS
945 _arjall
_d2019-05-02